00241nam a22000977a 4500008004100000082001600041100001400057245002900071260003400100300000900134230704b xxu||||| |||| 00| 0 eng d a344.01bBRO cW.J Brown aPractical Company Lawb  a Londonc 1984bPan Books Ltd a341p